000 00880cam a2200301 a 4500
001 6220113
003 ARRUPE
005 20160225122526.0
008 070312s2007 enka b 000 0 eng
015 _aGBA721316
_2bnb
016 7 _a013695183
_2Uk
020 _a185124316X (pbk.)
020 _a9781851243167 (pbk.)
035 _a(OCoLC)OCM85898605
035 _a(OCoLC)85898605
035 _a(NNC)6220113
040 _aUKM
_cUKM
_dBWKUK
050 4 _aHT1161
_b.S631
082 0 4 _a306.362
_222
245 0 4 _aThe slave trade debate :
_bcontemporary writings for and against /
_cintroduction by John Pinfold.
260 _aOxford :
_bBodleian Library,
_c2007.
300 _a398 p. ;
_bill. ;
_c20 cm.
504 _aIncludes bibliographical references.
650 0 _aSlave trade
_921745
942 _2lcc
_cMONOGRAPH
948 1 _a20070702
_bc
_cks26
_dMPS
999 _c124217
_d124217